000 00562nam a2200217Ia 4500
003 OSt
005 20220928140811.0
006 a|||||r|||| 00| 0
007 ta
008 220927b |||||||| |||| 00| 0 eng d
024 _a11961
037 _cTextual
040 _aSDCL
_cSDCL
_beng
041 _2eng
_aeng
082 _a4:(P152):g, M7
100 _aJain Ramesh Kumar
_9408459
245 0 _aHindi patrakarita ka alochanatmak itihas.
260 _c1987
942 _h4:(P152):g, M7
_cTEXL
_2CC
999 _c814379
_d814379